Guess Kpop Girl-groups by their song quotes - Statistics

General Stats
  • This quiz has been taken 96 times
  • The average score is 11 of 15
Answer Stats
Song Quote Girl group % Correct
"Fancy, ooh!" Twice
100%
"Ha, how you like that?' BlackPink
99%
New tee, new jeans, new me, do you see? NewJeans
99%
"I'm the dramaa...' aespa
97%
You, you, you, you, like its magnetic! ILLIT
94%
I'm a baddie, b-b baddie baddie! IVE
92%
I'm a mess, mess, mess, mess, mess, mess, mess x2 Le Sserafim
84%
Gee, gee, gee, gee baby baby Girls Generation
82%
Big wave, big wave NMIXX
71%
___ girls, its going down StayC
61%
My boys wont hesitate to run up on your boys 2NE1
49%
"Hey now, we'll be okay" Red Velvet
49%
'Just me, ___' GIDLE
48%
Hot summer, ah- hot hot summer. Fx
36%
I see you looking at my apple hippp! HelloVenus
6%
No matching quizzes found
Score Distribution
Percent of People with Each Score
Percentile by Number Answered
Your Score History
You have not taken this quiz